000 00913nam a2200265Ia 4500
003 OSt
005 20221005111248.0
006 a|||||r|||| 00| 0
007 ta
008 221004b |||||||| |||| 00| 0 hin d
020 _a9788181436764 (hbk)
_c500
024 _a16806
037 _b518A, 21/03/2015, Vani Prakashan
_cTextual
040 _aCRL
_cCRL
_bhin
041 _2hin
_ahin
082 _aO152,6N52x, P8
100 _aउदय प्रकाश
245 0 _aनयी सदी का पंचतंत्र
246 _aNayī sadī kā panchatantra
260 _aनई दिल्ली
_bवाणी प्रकाशन भारत
_c2008
300 _a403पृ0
_ccm.
650 _aहिन्दी साहित्य
942 _hO152,6N52x, P8
_cTEXL
_2cc
999 _c1021297
_d1021297